000 00512nam a2200157 4500
001 116124
003 ES-MaACL
007 t|
008 061121s1932 sp r ||||1| spa d
100 1 _aOrúe y Arregui, José Ramón de.
_987692
245 1 0 _aDerecho Internacional Privado
_b: obra adaptada al programa de Notarías de 1926 /
_cJosé Ramón de Orúe y Arregui.
250 _a2ª. ed. corr. y aum.
260 _aMadrid :
_bReus,
_c1932.
300 _a128 p. ;
_c24 cm.
852 _aES-MaACL
_jB-9563
_bR.19261
999 _c116124
_d116124